| 000 | 00531nam a2200193 a 4500 | ||
|---|---|---|---|
| 001 | 7349 | ||
| 003 | CO-ViMGA | ||
| 008 | 141112s2004 ck r 000 u spa d | ||
| 020 | _a9583501107 | ||
| 040 |
_aCO-ViMGA _bspa _cCO-ViMGA |
||
| 082 | 0 | 4 | _a343.02 V351b |
| 100 | 1 |
_aVelásquez Jaramillo, Luis guillermo _96588 |
|
| 245 | 1 | 0 |
_aBienes / _cLuis Guillermo Velásquez Jaramillo |
| 250 | _a6a | ||
| 260 |
_aSantafé de Bogotá : _bTemis, _c1996 |
||
| 300 | _a431 p. 23 cm | ||
| 650 | 1 | 4 |
_aBIENES - DERECHO _955295 |
| 942 |
_2ddc _cBK |
||
| 999 |
_c19308 _d19308 |
||